01403nam a2200361 a 4500001001200000003000800012006001900020007001500039008004100054010001700095020003000112020002700142020002700169040002100196035002100217050002500238082001400263245016700277260005500444300002300499504005100522533015200573650002000725650002100745650001900766650002000785655002900805700002300834700002400857710001700881856012600898999001701024ebr10676535CaPaEBRm u cr cn|||||||||081209s2009 nyua sb 001 0 eng d z 2008050982 z9781606927199 (hardcover) z1606927191 (hardcover) z9781614705796 (e-book) aCaPaEBRcCaPaEBR a(OCoLC)83460386914aQK882b.P5579 2009eb04a660.622200aPhotosynthesish[electronic resource] :btheory and applications in energy, biotechnology and nanotechnology /cThomas B. Buchner and Nicolas H. Ewingen, editors. aNew York :bNova Science Publishers, Inc.,cc2009. axi, 255 p. :bill. aIncludes bibliographical references and index. aElectronic reproduction.bPalo Alto, Calif. :cebrary,d2013.nAvailable via World Wide Web.nAccess may be limited to ebrary affiliated libraries. 0aPhotosynthesis. 0aEnergy transfer. 0aBiotechnology. 0aNanotechnology. 7aElectronic books.2local1 aBuchner, Thomas B.1 aEwingen, Nicolas H.2 aebrary, Inc.40uhttp://site.ebrary.com/lib/rucke/Doc?id=10676535zAn electronic book accessible through the World Wide Web; click to view c58399d58399